| 000 | 00911nam a22002177a 4500 | ||
|---|---|---|---|
| 003 | OSt | ||
| 005 | 20170608093110.0 | ||
| 008 | 140214b2016 slv spa | ||
| 040 | _cBMC | ||
| 082 | _a624 | ||
| 100 | 1 |
_939345 _aMolina, Rafael Enrique |
|
| 245 | 1 | 0 |
_aPasantía en Kimberly Clark de Centroamérica _b: Informe final _cRafael Enrique Molina |
| 260 |
_aSanta Ana (El Salvador) _bUniversidad Católica de El Salvador _c2016 |
||
| 300 |
_a68 h. _bil. col. _c27 cm _e+ 1 disco compacto |
||
| 500 | _aPrecede al tít.: Universidad Católica de El Salvador, Facultad de Ingeniería y Arquitectura | ||
| 500 | _aPeríodo de realización: del 10 de agosto de 2015 al 10 de febrero de 2016 | ||
| 502 | _aPara optar al título de: Ingeniero cívil | ||
| 650 | 2 | 4 |
_98218 _aIngeniería civil |
| 710 | 2 |
_91166 _aUniversidad Católica de El Salvador _bFacultad de Ingeniería y Arquitectura |
|
| 942 |
_2ddc _cTG |
||
| 999 |
_c25392 _d25392 |
||